| 000 | 00390 a2200157 4500 | ||
|---|---|---|---|
| 001 | 74772 | ||
| 020 | _a9788508177945112 | ||
| 040 | _cAnchieta - Colégio São Paulo | ||
| 100 | _aDante, Luiz Roberto | ||
| 240 | 1 | 0 |
_aProjeto Teláris matemática, 9º ano _lpor |
| 245 | 1 | 0 | _aProjeto Teláris matemática, 9º ano |
| 300 | _a336 | ||
| 362 | 0 | _a2012 | |
| 650 | 4 | _aMatemática | |
| 942 | _cBK | ||
| 999 |
_c74772 _d74772 |
||